00703nam a2200241 a 4500001001300000003000900013005001700022008004100039020001000080082001800090100002400108245003200132260005500164300000900219500003500228505001100263650001500274700002400289902000800313942000700321952011800328999001500446nice12345678IN_TiNIC20260116011710.0050524s1949 qada grp 000 0 urd  ac10000a294.5563bHUS aHusain, Malik Fazal aSatyarath Prakash Agitation aQadianbDawat-O-Tableegh Ahmadiyya Communityc1949 a114p aincludes index and biblioraphy2 aThesis aArya Samaj1 aHusain, Malik Fazal bSRS cBK 001040708StackRoom-aHMIbHMId2007-07-25g100.00l0o294.5563 HUSp06258r2007-07-25v100.00w2005-05-24yBK c3452d3452